| 000 | 00704nab a2200181 4500 | ||
|---|---|---|---|
| 001 | 244442 | ||
| 003 | OSt | ||
| 005 | 20240131102702.0 | ||
| 007 | tu | ||
| 008 | 200917s2020||||||| | ||
| 040 |
_aDE-2950 _cDE-2950 |
||
| 245 | 0 | 0 |
_aFür Toleranz, Vielfalt und Demokratie _bProtest gegen Rechts. Mit 4500 Menschen haben in Frankfurt so viele Menschen an einer Demonstration teilgenommen, wie schon seit Jahren nicht mehr. Einige von ihnen erzählen, warum sie mit dabei waren/ _cLisa Larossa, René Matschkowiak |
| 264 | _c2024 | ||
| 653 | _aFrankfurt (Oder) | ||
| 653 | _aDemo gegen Rechts | ||
| 773 | 0 |
_g35. Jahrgang (2024) Nr. 25 vom 30.01.2024, S. 15 mit Foto _tMärkische Oderzeitung |
|
| 942 |
_2z _cA |
||
| 999 |
_c372958 _d372958 |
||